Foundations of Artificial Intelligence and Expert Systems (Record no. 1290)

MARC details
000 -LEADER
fixed length control field 00374nam a2200145Ia 4500
008 - FIXED-LENGTH DATA ELEMENTS--GENERAL INFORMATION
fixed length control field 191201s2003 xx 000 0 und d
082 ## - DEWEY DECIMAL CLASSIFICATION NUMBER
Classification number 006.38
Item number JAF
100 ## - MAIN ENTRY--PERSONAL NAME
Personal name JANAKIRAMAN, V S
245 #0 - TITLE STATEMENT
Title Foundations of Artificial Intelligence and Expert Systems
250 ## - EDITION STATEMENT
Edition statement 1st
260 ## - PUBLICATION, DISTRIBUTION, ETC. (IMPRINT)
Place of publication, distribution, etc N.Delhi
Name of publisher, distributor, etc Macmillan
Date of publication, distribution, etc 2003
300 ## - PHYSICAL DESCRIPTION
Extent 231
650 ## - SUBJECT ADDED ENTRY--TOPICAL TERM
Topical term or geographic name as entry element B.Tech(CSE)
942 ## - ADDED ENTRY ELEMENTS (KOHA)
Source of classification or shelving scheme Dewey Decimal Classification
Koha item type Text Books
Holdings
Withdrawn status Lost status Source of classification or shelving scheme Damaged status Not for loan Collection code Home library Current library Date acquired Source of acquisition Cost, normal purchase price Bill Number Total Checkouts Full call number Acc. no. / Barcode Checked out Date last seen Bill Date Koha item type Date last borrowed Public note
    Dewey Decimal Classification     B.Tech(ECE) PIET C-LIBRARY PIET C-LIBRARY 13/08/2005 UBS, DELHI 157.00 125382   006.3 JAF 1938 26/09/2018 04/12/2019 18/08/2005 Text Books    
    Dewey Decimal Classification     B.Tech(CSE) PIET C-LIBRARY PIET C-LIBRARY 13/08/2005 UBS, DELHI 157.00 125382 13 006.3 JAF 1939 17/08/2026 29/01/2026 18/08/2005 Text Books 29/01/2026  
    Dewey Decimal Classification     B.Tech(CSE) PIET C-LIBRARY PIET C-LIBRARY 13/08/2005 UBS, DELHI 157.00 125382 12 006.3 JAF 1940   30/04/2025 18/08/2005 Text Books 08/02/2025  
    Dewey Decimal Classification     B.Tech(CSE) PIET C-LIBRARY PIET C-LIBRARY 13/08/2005 UBS, DELHI 157.00 125382 2 006.3 JAF 1941 20/07/2022 21/01/2022 18/08/2005 Text Books 21/01/2022 .

Design & Developed by: PIET Central Library
R70 Miles Stone Pattikalyana Samalkha Panipat 132102
mail ID :- [email protected], Phone No:- 0180-2569700 Ex.216